| 000 | 02534nam a22004218i 4500 | ||
|---|---|---|---|
| 001 | BRILL9789004523722 | ||
| 003 | nllekb | ||
| 005 | 20260415154229.0 | ||
| 006 | m d | ||
| 007 | cr un uuuua | ||
| 008 | 230131s2023 gw sb 001 0 eng d | ||
| 020 |
_a9789004516120 _q(print) |
||
| 020 |
_a9789004523722 _q(electronic book) |
||
| 024 | 7 |
_a10.1163/9789004523722 _2DOI |
|
| 035 | _z(OCoLC)1330690302 | ||
| 040 |
_aNL-LeKB _cNL-LeKB _erda |
||
| 041 | _aeng | ||
| 050 | 4 | _aHF3838 | |
| 072 | 7 |
_aHBJF _2bicssc |
|
| 072 | 7 |
_aHIS _x003000 _2bisacsh |
|
| 072 | 7 |
_aHIS _x026000 _2bisacsh |
|
| 082 | 0 | 4 |
_a382.0951 _223 |
| 100 | 1 |
_aSCHOTTENHAMMER, ANGELA, _eauthor. |
|
| 245 | 1 | 0 |
_aChina and the Silk Roads (ca. 100 BC to 1800 AD) : _bRole and Content of its Historical Access to the Outside World / _cAngela Schottenhammer. |
| 300 | _a1 online resource | ||
| 490 | 1 | _aAsian Studies E-Books Online, Collection 2023 | |
| 490 | 1 |
_aCrossroads - History of Interactions across the Silk Routes ; _v6 |
|
| 504 | _aIncludes bibliographical references and index. | ||
| 520 | _aThe book investigates China's relations to the outside world between ca. 100 BCE and 1800 AD. In contrast to most histories of the Silk Roads, the focus of this book clearly lies on the maritime Silk Road and on the period between Tang and high Qing, selecting aspects that have so far been neglected in research on the history of China's relations with the outside world. The author examines, for example, the power alliance between the Tang and the Arabs during Tang times, the specific role of fanbing 蕃兵 (frontier tribal troops) during Song times, the interrelationship between maritime commerce, military expansion, and environmental factors during the Yuan, the question of whether or not early Ming China can be considered a (proto-)colonialist country, the role force and violence played during the Zheng He expeditions, and what role of the Asia-Pacific world played for late Ming and early Qing rulers. | ||
| 546 | _aEnglish | ||
| 651 | 0 |
_aChina _xCommerce _xHistory. |
|
| 651 | 0 |
_aChina _xRelations _xHistory. |
|
| 776 | 0 | 8 |
_iPrint version: _tChina and the Silk Roads (ca. 100 BC to 1800 AD) : Role and Content of its Historical Access to the Outside World. _dLeiden ; Boston : Brill, 2023. _z9789004516120 |
| 830 | 0 | _aAsian Studies E-Books Online, Collection 2023. | |
| 830 | 0 |
_aCrossroads - History of Interactions across the Silk Routes ; _v6. |
|
| 856 | 4 | _uhttp://dx.doi.org/10.1163/9789004523722 | |
| 942 |
_2ddc _cE-BOOK |
||
| 999 |
_c49431 _d49431 |
||